000 00654nam a2200241Ia 4500
003 OSt
005 20220918214553.0
006 a|||||r|||| 00| 0
007 ta
008 220917b |||||||| |||| 00| 0 eng d
024 _a138,097
037 _cTextual
040 _aARTS
_cARTS
_beng
041 _2eng
_aeng
082 _aY:1, L4
100 _aGans Herbert J
_9131786
245 0 _aPopular culture and high culture
_b an analysis and evaluation of taste
260 _aNew York
_bBasic Books
_c1974
300 _axii,179p.
_ccm.
650 _aSOCIOLOGY
942 _hY:1, L4
_cTEXL
_2CC
999 _c261170
_d261170